Estadistica II (Registro nro. 7784)

Detalles MARC
000 -LEADER
fixed length control field 00922nam a2200193Ia 4500
005 - FECHA Y HORA DE LA ÚLTIMA TRANSACCIÓN
control field 20230331091320.0
008 - FIXED-LENGTH DATA ELEMENTS--GENERAL INFORMATION
fixed length control field 230330s9999 xx 000 0 und d
040 ## - CATALOGING SOURCE
Original cataloging agency UPAN
Transcribing agency Biblioteca San Vicente
Description conventions RCAA2
041 ## - LANGUAGE CODE
Language code of text/sound track or separate title spa
082 ## - DEWEY DECIMAL CLASSIFICATION NUMBER
Classification number 310
Item number P116e
100 ## - MAIN ENTRY--PERSONAL NAME
Personal name Pacheco G., Rene
245 #0 - TITLE STATEMENT
Title Estadistica II
Remainder of title (Aplicada)
Statement of responsibility, etc René Pacheco G.
250 ## - EDITION STATEMENT
Edition statement 2ª ed.
260 ## - PUBLICATION, DISTRIBUTION, ETC. (IMPRINT)
Place of publication, distribution, etc San Salvador
Name of publisher, distributor, etc ONVSERP
Date of publication, distribution, etc 1994
300 ## - PHYSICAL DESCRIPTION
Extent 269 p.
Dimensions 22 cm.
520 ## - SUMMARY, ETC.
Summary, etc Capitulo I: Probabilidades.<br/>Capitulo II: Principios fundamentales de muestreo<br/>Capitulo III: Correlación lineal <br/>Capitulo IV: Regresión lineal<br/>Capitulo V: Otras técnicas de correlación<br/>Capitulo VI: Significación de coeficientes de correlación<br/>Capitulo VII: Estimación de parámetros<br/>Capitulo VIII: Contraste de hipótesis<br/>Capitulo IX: La prueba de X²<br/>Capitulo X: Pruebas no-paramétricas
650 ## - SUBJECT ADDED ENTRY--TOPICAL TERM
Source of heading or term LEMB
General subdivision Estadística matemática
942 ## - ADDED ENTRY ELEMENTS (KOHA)
Koha item type Libros
Source of classification or shelving scheme Dewey Decimal Classification
Existencias
Withdrawn status Lost status Source of classification or shelving scheme Damaged status Not for loan Collection code Home library Current library Date acquired Total Checkouts Full call number Barcode Date last seen Price effective from Koha item type Copy number
    Dewey Decimal Classification     Colección General Biblioteca UPAN San Vicente Biblioteca UPAN San Vicente 31/03/2023   310 P116e 12000312 31/03/2023 31/03/2023 Libros  
    Dewey Decimal Classification     Colección General Biblioteca UPAN San Vicente Biblioteca UPAN San Vicente 31/03/2023   310 P116e 12000314 31/03/2023 31/03/2023 Libros 01